000 01166nam a22003377a 4500
001 BR8403507
003 BR-BrBNA
005 20230928091949.0
007 ta
008 230509b bl.||||| |||| 00| 0 por d
040 _aBR-BrBNA
_bpor
_cBiblioteca Nacional de Agricultura
041 _a(Por)
072 _aE10; E50
_b/G514
090 _ E10 BR8403507
110 1 _aUniversidade Federal de Pernambuco, Recife (Brasil);
110 1 _aInstituto de Planejamento Economico e Social, Brasilia, DF (Brasil);
_96238
110 1 _aSuperintendencia do Desenvolvimento do Nordeste, Recife, PE (Brasil)
245 1 _aDesigualdades regionais no desenvolvimento brasileiro. v. 4. A expansao capitalista, o papel do estado e o desenvolvimento regional no Brasil
260 3 _aRecife, PE (Brasil):
_c1984.
300 _a175 p.
650 _aPOLITICA DE DESENVOLVIMENTO
650 _aDESENVOLVIMENTO ECONOMICO
650 _aCAPITAL
650 _aPOLITICA FISCAL
650 _aDESENVOLVIMENTO SOCIAL
650 _aDESENVOLVIMENTO INDUSTRIAL
650 _aCOMERCIO EXTERIOR
650 _aMIGRACAO RURAL
909 _a202309
_bLucia
_c55
_dLucia Elande
942 _cBK
999 _c36437
_d36437